5HLuxD.jpg

KING HENRY VIII SENIOR AND PRIMARY SCHOOL LIBRARY OPAC

Mate match / (Record no. 206)

000 -LEADER
fixed length control field 01142nam a2200361 i 4500
001 - CONTROL NUMBER
control field 020586733
003 - CONTROL NUMBER IDENTIFIER
control field UkOxU
005 - DATE AND TIME OF LATEST TRANSACTION
control field 20190801094134.0
008 - FIXED-LENGTH DATA ELEMENTS--GENERAL INFORMATION
fixed length control field 160629s2016 stka j 000 1 eng c
015 ## - NATIONAL BIBLIOGRAPHY NUMBER
National bibliography number GBB635050
Source bnb
020 ## - INTERNATIONAL STANDARD BOOK NUMBER
International Standard Book Number 9781781125304 (pbk.) :
035 ## - SYSTEM CONTROL NUMBER
System control number (StEdNL)7335906
035 ## - SYSTEM CONTROL NUMBER
System control number (Uk)017766721
040 ## - CATALOGING SOURCE
Original cataloging agency StDuBDS
Language of cataloging eng
Description conventions rda
Transcribing agency StDuBDS
Modifying agency StEdNL
042 ## - AUTHENTICATION CODE
Authentication code ukscp
082 04 - DEWEY DECIMAL CLASSIFICATION NUMBER
Classification number FIC JOH
Edition number 23
100 1# - MAIN ENTRY--PERSONAL NAME
Personal name Johnson, Pete,
Dates associated with a name 1965-
Relator term author.
245 10 - TITLE STATEMENT
Title Mate match /
Statement of responsibility, etc. Pete Johnson ; with illustrations by Jen Collins.
264 #1 - PRODUCTION, PUBLICATION, DISTRIBUTION, MANUFACTURE, AND COPYRIGHT NOTICE
Place of production, publication, distribution, manufacture Edinburgh :
Name of producer, publisher, distributor, manufacturer Barrington Stoke,
Date of production, publication, distribution, manufacture, or copyright notice 2016.
300 ## - PHYSICAL DESCRIPTION
Extent 55 pages :
Other physical details illustrations (black and white) ;
Dimensions 20 cm
336 ## - CONTENT TYPE
Content type term text
Source rdacontent
336 ## - CONTENT TYPE
Content type term still image
Source rdacontent
337 ## - MEDIA TYPE
Media type term unmediated
Source rdamedia
338 ## - CARRIER TYPE
Carrier type term volume
Source rdacarrier
500 ## - GENERAL NOTE
General note "Barrington Stoke teen"--Back cover.
500 ## - GENERAL NOTE
General note "Super readable"--Sticker on back cover.
655 #0 - INDEX TERM--GENRE/FORM
Genre/form data or focus term High interest-low vocabulary books.
655 #0 - INDEX TERM--GENRE/FORM
Genre/form data or focus term Easy reading
655 #0 - INDEX TERM--GENRE/FORM
Genre/form data or focus term Young adult fiction.
700 1# - ADDED ENTRY--PERSONAL NAME
Personal name Collins, Jen,
Relator term illustrator.
942 ## - ADDED ENTRY ELEMENTS (KOHA)
Source of classification or shelving scheme
Koha item type Books - Fiction
Holdings
Withdrawn status Lost status Source of classification or shelving scheme Damaged status Not for loan Collection code Permanent Location Current Location Shelving location Date acquired Total Checkouts Full call number Barcode Date last seen Date last checked out Price effective from Koha item type
          Fiction KH8 Senior School Library KH8 Senior School Library Easy Reading 2019-08-01 1 FIC JOH 3KHSL000100203 2024-07-23 2019-10-03 2019-08-01 Books - Fiction

Powered By KH8 IT Dept